000 01548nam a22003497a 4500
005 20140527105222.0
010 _aB-530377-383
020 _a9780545556255
_c499.00
035 _aB-530377-383
037 _adpl
_bUBH/Ven
082 0 4 _aS
100 1 _aStilton, Geronimo.
245 1 4 _aThe Volcano of Fire :
_bthe fifth adventure in the Kingdom of Fantasy /
_cGeronimo Stilton ; [illustrations by Danilo Barozzi ... [et al.] ; translated by Julia Heim].
260 _aNew York
_bScholastic,
_c2013.
270 _a557 Broadway
_bNew York
_eN Y 10012
300 _a310p.:
_bcol.ill
_c20cm(Hb)
500 _aTranslation of: Quinto viaggio nel Regno della fantasia.
500 _a"Based on an original idea by Elisabetta Dami."
520 _aAfter receiving a mysterious message summoning him to a meeting, Geronimo Stilton finds himself back in the Kingdom of Fantasy, summoned by the Elves, who want him to travel to the Great Explanatorium to find an answer to the earthquakes that are threatening the Kingdom.
600 1 0 _aStilton, Geronimo
_vJuvenile fiction.
650 0 _aMice
_vJuvenile fiction.
650 0 _aElves
_vJuvenile fiction.
650 0 _aQuests (Expeditions)
_vJuvenile fiction.
650 1 _aMice
_vFiction.
650 1 _aElves
_vFiction.
650 1 _aAdventure and adventurers
_vFiction.
700 1 _aDami, Elisabetta.
700 1 _aBarozzi, Danilo,
_eill.
700 1 _aHeim, Julia.
942 _2ddc
_cCH
_hS
_mSTI
999 _c83813
_d83813